000 00253nam a22000977a 4500
003 SGT
245 _aINTERNATIONAL JOURNAL OF WIRELESS & NETWORK APPLICATION
260 _aNEW DELHI
_bRIP RESEARCH INDIA PUBLICATIONS
_c2013
300 _a172
942 _2ddc
_cBV
999 _c20193
_d20193